[Event "CAN-ch U20 U1800"]
[Site "Toronto CAN"]
[Date "2023.07.07"]
[Round "3.13"]
[White "Lin, Austin"]
[Black "Deepak, Laksshana"]
[Result "0-1"]
[WhiteElo "1401"]
[BlackElo "1665"]
[PlyCount "86"]
[EventDate "2023.07.06"]
[EventType "swiss"]
[EventRounds "8"]
[EventCountry "CAN"]

1. e4 c5 2. Nf3 a6 3. d4 cxd4 4. Nxd4 Nf6 5. Nc3 e5 6. Nf3 Bb4 7. Bd3 Bxc3+ 8.
bxc3 Qc7 9. O-O Qxc3 10. Rb1 d6 11. Rb3 Qc7 12. Ba3 Be6 13. Rb2 Nc6 14. h3 O-O
15. Ng5 Rfd8 16. Nxe6 fxe6 17. Qb1 Rab8 18. Re1 d5 19. Bc5 b5 20. f3 Nd7 21.
Bf2 d4 22. a3 Nc5 23. Qc1 Na4 24. Rb3 Na5 25. Rb4 Nc3 26. Qg5 Nc6 27. Rb3 a5
28. Qg4 Qf7 29. h4 a4 30. Rb2 b4 31. Ra1 bxa3 32. Rxa3 Rxb2 33. Bc4 Re8 34. g3
Rxc2 35. Be1 Rc1 36. Kf2 Qe7 37. Bxc3 dxc3 38. Rxa4 Qc5+ 39. Ke2 Nd4+ 40. Kd3
Rd8 41. Qg5 Nc6+ 42. Ke2 Rc2+ 43. Ke1 Qf2# 0-1

[Event "CAN-ch U20 U1800"]
[Site "Toronto CAN"]
[Date "2023.07.07"]
[Round "3.14"]
[White "Tseng, Bradley"]
[Black "Chunchu, Ashwin"]
[Result "1/2-1/2"]
[WhiteElo "1712"]
[BlackElo "1381"]
[PlyCount "65"]
[EventDate "2023.07.06"]
[EventType "swiss"]
[EventRounds "8"]
[EventCountry "CAN"]

1. e4 g6 2. d4 Bg7 3. Nf3 d6 4. Nc3 a6 5. Bc4 e6 6. O-O b5 7. Bd3 Bb7 8. Bg5
Ne7 9. Ne2 h6 10. Be3 O-O 11. c3 Nd7 12. Qd2 Kh7 13. a4 c5 14. Rfd1 c4 15. Bc2
d5 16. e5 Nb6 17. a5 Nbc8 18. g4 Nc6 19. Nf4 Rh8 20. Qc1 Kg8 21. Qb1 Nxa5 22.
Bxg6 Ne7 23. Bc2 Kf8 24. Nh5 Nb3 25. Bxb3 cxb3 26. Nd2 Ng6 27. Nf4 Nxf4 28.
Bxf4 Qh4 29. f3 h5 30. Bg3 Qh3 31. gxh5 Bh6 32. Qd3 Rg8 33. Kf2 1/2-1/2

[Event "CAN-ch U20 U1800"]
[Site "Toronto CAN"]
[Date "2023.07.07"]
[Round "3.15"]
[White "Huang, Ivan"]
[Black "Patil, Tanishq"]
[Result "1/2-1/2"]
[WhiteElo "1580"]
[BlackElo "1523"]
[PlyCount "57"]
[EventDate "2023.07.06"]
[EventType "swiss"]
[EventRounds "8"]
[EventCountry "CAN"]

1. c4 e6 2. Nf3 Nf6 3. d4 d5 4. g3 Be7 5. Bg2 b6 6. O-O O-O 7. Nc3 Bb7 8. b3 c5
9. cxd5 Nxd5 10. Nxd5 Bxd5 11. Bb2 Nd7 12. Re1 cxd4 13. Bxd4 Nf6 14. e3 Rc8 15.
Qd2 Qc7 16. Be5 Qb7 17. Rac1 Be4 18. Nh4 Bxg2 19. Nxg2 Rfd8 20. Bb2 g6 21. Rxc8
Rxc8 22. Rc1 Rxc1+ 23. Bxc1 Nd5 24. Bb2 Bf6 25. Bxf6 Nxf6 26. Qd3 Qc6 27. Nf4
Nd5 28. Nxd5 exd5 29. Kf1 1/2-1/2

[Event "CAN-ch U20 U1800"]
[Site "Toronto CAN"]
[Date "2023.07.07"]
[Round "3.16"]
[White "Xie, Irene"]
[Black "Chen, Vincent"]
[Result "1/2-1/2"]
[WhiteElo "1782"]
[BlackElo "1571"]
[PlyCount "65"]
[EventDate "2023.07.06"]
[EventType "swiss"]
[EventRounds "8"]
[EventCountry "CAN"]

1. e4 c6 2. d4 d5 3. Nc3 dxe4 4. Nxe4 Nd7 5. Bd3 Ngf6 6. Nxf6+ Nxf6 7. Ne2 e6
8. O-O Bd6 9. c3 Qc7 10. f4 O-O 11. Be3 Nd5 12. Qd2 f5 13. Bc4 b5 14. Bb3 a5
15. a4 Ba6 16. Rfe1 Rfd8 17. Nc1 c5 18. axb5 Bxb5 19. Bxd5 exd5 20. dxc5 Bxc5
21. Nb3 d4 22. Bxd4 Bc4 23. Nxc5 Qxc5 24. Re5 Rd5 25. Qe3 Rxe5 26. fxe5 Qb5 27.
Qf2 Rb8 28. Re1 Qxb2 29. e6 Qxf2+ 30. Kxf2 g6 31. e7 Kf7 32. Bc5 Rb2+ 33. Kg3
1/2-1/2

[Event "CAN-ch U20 U1800"]
[Site "Toronto CAN"]
[Date "2023.07.07"]
[Round "3.17"]
[White "Cheng, Adrien"]
[Black "Ossine, Nicholas"]
[Result "1-0"]
[WhiteElo "1551"]
[BlackElo "1744"]
[PlyCount "87"]
[EventDate "2023.07.06"]
[EventType "swiss"]
[EventRounds "8"]
[EventCountry "CAN"]

1. f4 d5 2. Nf3 c5 3. e3 Nf6 4. Be2 Nc6 5. O-O g6 6. d3 Bg7 7. Nc3 O-O 8. Qe1
a6 9. Qh4 b5 10. e4 dxe4 11. Nxe4 Nxe4 12. dxe4 Nd4 13. Bd1 Bb7 14. c3 Nxf3+
15. Bxf3 e6 16. Qf2 Rc8 17. Be3 Qe7 18. Rad1 c4 19. a3 a5 20. Bb6 a4 21. Rd2
Rfe8 22. Rfd1 Bc6 23. e5 Qb7 24. Bxc6 Rxc6 25. Rd8 Rc8 26. R8d7 Qc6 27. Qe3 Bf8
28. Ra7 Qxb6 29. Qxb6 Bc5+ 30. Qxc5 Rxc5 31. Rdd7 Rf8 32. Kf2 Rcc8 33. Rab7 Rb8
34. Ke3 Rxb7 35. Rxb7 Rd8 36. Rxb5 Rd1 37. Rb4 Rh1 38. Rxa4 Rxh2 39. Kf3 g5 40.
Rxc4 gxf4 41. b4 Rh1 42. b5 Rb1 43. a4 Rf1+ 44. Ke2 1-0

[Event "CAN-ch U20 U1800"]
[Site "Toronto CAN"]
[Date "2023.07.07"]
[Round "3.18"]
[White "Wu, Ting En Ryan"]
[Black "Tenkov, Arkadii"]
[Result "1/2-1/2"]
[WhiteElo "1535"]
[BlackElo "1697"]
[PlyCount "51"]
[EventDate "2023.07.06"]
[EventType "swiss"]
[EventRounds "8"]
[EventCountry "CAN"]

1. Nf3 Nf6 2. d4 e6 3. Bf4 b6 4. Nbd2 Bb7 5. c3 Be7 6. h3 O-O 7. e3 c5 8. Bd3
d5 9. O-O Nbd7 10. Rc1 Rc8 11. Ne5 Nxe5 12. Bxe5 Nd7 13. Bg3 Nf6 14. Nf3 Ne4
15. Be5 Bf6 16. Bxf6 Nxf6 17. Ne5 Nd7 18. f4 Nxe5 19. fxe5 f5 20. exf6 Rxf6 21.
Rxf6 Qxf6 22. Qg4 Qh6 23. Rf1 Qxe3+ 24. Kh1 cxd4 25. cxd4 Rc1 26. Bxh7+ 1/2-1/2

[Event "CAN-ch U20 U1800"]
[Site "Toronto CAN"]
[Date "2023.07.07"]
[Round "3.19"]
[White "Fu, Odyssey"]
[Black "Guliyev, Nadir"]
[Result "1-0"]
[WhiteElo "1395"]
[BlackElo "1559"]
[PlyCount "65"]
[EventDate "2023.07.06"]
[EventType "swiss"]
[EventRounds "8"]
[EventCountry "CAN"]

1. e4 c6 2. d4 d5 3. Nc3 dxe4 4. Nxe4 Bf5 5. Ng3 Bg6 6. N1e2 Nf6 7. Nf4 e5 8.
Nxg6 hxg6 9. Be3 Bd6 10. Qd2 Nbd7 11. O-O-O Qc7 12. dxe5 Bxe5 13. f4 O-O-O 14.
fxe5 Nxe5 15. Bd3 Neg4 16. h3 Qxg3 17. hxg4 Qxg4 18. Rxh8 Rxh8 19. Bxa7 Qa4 20.
Bb6 Nd5 21. Qa5 Nxb6 22. Qxb6 Qxa2 23. Re1 Qa1+ 24. Kd2 Qa4 25. Re4 Qa8 26. Re7
Qb8 27. Rxf7 Rd8 28. Kc1 Re8 29. Kd1 Rd8 30. Qxd8+ Kxd8 31. Rf8+ Kc7 32. Rxb8
Kxb8 33. Bxg6 1-0

[Event "CAN-ch U20 U1800"]
[Site "Toronto CAN"]
[Date "2023.07.07"]
[Round "3.20"]
[White "Tang, Gideon"]
[Black "Guan, Isabelle"]
[Result "1-0"]
[WhiteElo "1677"]
[BlackElo "1479"]
[PlyCount "75"]
[EventDate "2023.07.06"]
[EventType "swiss"]
[EventRounds "8"]
[EventCountry "CAN"]

1. e4 e5 2. Nc3 Nf6 3. f4 Nc6 4. fxe5 Nxe5 5. d4 Nc6 6. e5 Ng8 7. Nf3 Bb4 8.
Bc4 Nge7 9. Ng5 O-O 10. Qh5 h6 11. Nxf7 Rxf7 12. Qxf7+ Kh8 13. Be3 Na5 14. Bd3
Qg8 15. Qh5 g6 16. Qxh6+ Qh7 17. Qf8+ Qg8 18. O-O Nec6 19. Qxg8+ Kxg8 20. Bxg6
Kg7 21. Bd3 Ne7 22. Rf6 Ng8 23. Rf3 d6 24. Nd5 Nc6 25. Nxc7 Rb8 26. c3 Ba5 27.
Ne8+ Kh8 28. Nxd6 Be6 29. Raf1 Bb6 30. Nf7+ Kg7 31. Rg3+ Kf8 32. Nd6+ Ke7 33.
Rg7+ Bf7 34. Rgxf7+ Kd8 35. Rf8+ Kd7 36. R1f7+ Nge7 37. Bf5+ Kc7 38. Nb5# 1-0

[Event "CAN-ch U20 U1800"]
[Site "Toronto CAN"]
[Date "2023.07.07"]
[Round "3.21"]
[White "Bi, William"]
[Black "Chen, Shuang"]
[Result "0-1"]
[WhiteElo "1526"]
[BlackElo "1640"]
[PlyCount "78"]
[EventDate "2023.07.06"]
[EventType "swiss"]
[EventRounds "8"]
[EventCountry "CAN"]

1. e4 c5 2. Nf3 Nc6 3. d4 cxd4 4. Nxd4 g6 5. Nc3 Bg7 6. Be3 Nf6 7. Qd2 O-O 8.
h3 d6 9. g4 Nd7 10. Nxc6 bxc6 11. f4 Bb7 12. Bd3 c5 13. O-O-O Rb8 14. Rhg1 Bc6
15. Bc4 Qb6 16. Bb3 a5 17. a4 Qb7 18. Qd3 Nb6 19. Kd2 Bxa4 20. Nxa4 Nxa4 21.
Bxa4 Qb4+ 22. Ke2 Qxa4 23. b3 Qc6 24. f5 a4 25. bxa4 Qxa4 26. Kf3 Rb2 27. Ra1
Qc6 28. Ra6 Qc8 29. Ra7 Rb7 30. Qa6 Rxa7 31. Qxa7 e6 32. fxg6 fxg6+ 33. Ke2 Qc6
34. Rb1 Qxe4 35. Rb7 Qxc2+ 36. Bd2 Qc4+ 37. Kd1 Rf1+ 38. Be1 Qd3+ 39. Kc1 Rxe1#
0-1

[Event "CAN-ch U20 U1800"]
[Site "Toronto CAN"]
[Date "2023.07.07"]
[Round "3.22"]
[White "Pollitt, Henry"]
[Black "Murali, Dhruv"]
[Result "1-0"]
[WhiteElo "1392"]
[BlackElo "1614"]
[PlyCount "111"]
[EventDate "2023.07.06"]
[EventType "swiss"]
[EventRounds "8"]
[EventCountry "CAN"]

1. e4 g6 2. d4 Bg7 3. Nf3 d6 4. Bc4 Nc6 5. O-O Nf6 6. Nc3 O-O 7. d5 Nb8 8. Bf4
e5 9. dxe6 Bxe6 10. Bxe6 fxe6 11. Qd2 e5 12. Bh6 Nbd7 13. Bxg7 Kxg7 14. Ng5 Re8
15. f4 h6 16. Nh3 Nc5 17. Rae1 exf4 18. Nxf4 g5 19. Nfd5 Re6 20. Nxf6 Rxf6 21.
Nd5 Rxf1+ 22. Rxf1 Kg6 23. Qd4 Nd7 24. Ne3 Qe7 25. Qd5 c6 26. Qf5+ Kg7 27. Qh3
Kg6 28. Nf5 Qh7 29. Nh4+ Kg7 30. Qxd7+ Kh8 31. Qxh7+ Kxh7 32. Nf5 Rd8 33. Rd1
d5 34. exd5 cxd5 35. Kf2 h5 36. Ne3 d4 37. Nf1 Kg6 38. c3 d3 39. Ke3 Kf5 40.
Rxd3 Re8+ 41. Kf2 g4 42. Ng3+ Kg6 43. Rd6+ Kg5 44. Rd5+ Kg6 45. Rxh5 Rd8 46.
Re5 Rf8+ 47. Ke2 Rf7 48. Ne4 Kh6 49. Re6+ Kh5 50. h3 gxh3 51. gxh3 Rg7 52. Kf2
Rf7+ 53. Kg2 Rg7+ 54. Ng3+ Kh4 55. Re4+ Kg5 56. Rg4+ 1-0

[Event "CAN-ch U20 U1800"]
[Site "Toronto CAN"]
[Date "2023.07.07"]
[Round "4.12"]
[White "Deepak, Laksshana"]
[Black "Tseng, Bradley"]
[Result "0-1"]
[WhiteElo "1665"]
[BlackElo "1712"]
[PlyCount "54"]
[EventDate "2023.07.06"]
[EventType "swiss"]
[EventRounds "8"]
[EventCountry "CAN"]

1. e4 c5 2. Nf3 Nc6 3. b3 d6 4. Bb2 Nf6 5. Nc3 g6 6. d4 cxd4 7. Nxd4 Bg7 8. f3
O-O 9. Nxc6 bxc6 10. Be2 d5 11. e5 Nd7 12. f4 f6 13. exf6 Nxf6 14. Rb1 d4 15.
Na4 Nd5 16. g3 Ne3 17. Qd2 e5 18. c3 exf4 19. cxd4 Re8 20. Kf2 Bh6 21. Qc3
fxg3+ 22. hxg3 Qf6+ 23. Kg1 Nd5 24. Qf3 Be3+ 25. Kf1 Qd6 26. Ke1 Qb4+ 27. Kf1
Rf8 0-1

[Event "CAN-ch U20 U1800"]
[Site "Toronto CAN"]
[Date "2023.07.07"]
[Round "4.13"]
[White "De Costa, Benjamin"]
[Black "Huang, Ivan"]
[Result "1-0"]
[WhiteElo "1492"]
[BlackElo "1580"]
[PlyCount "108"]
[EventDate "2023.07.06"]
[EventType "swiss"]
[EventRounds "8"]
[EventCountry "CAN"]

1. d4 d5 2. c4 e6 3. Nf3 c6 4. Nc3 dxc4 5. Bg5 Be7 6. Bxe7 Qxe7 7. e3 Nf6 8.
Bxc4 Nbd7 9. O-O e5 10. Qc2 O-O 11. Rfd1 exd4 12. Rxd4 Ne5 13. Be2 Ng6 14. Rad1
Be6 15. Ng5 Bd7 16. h3 Rad8 17. Nge4 Bf5 18. Rxd8 Rxd8 19. Nxf6+ Qxf6 20. Rxd8+
Qxd8 21. Qxf5 Qc7 22. Bc4 a6 23. Ne4 Ne5 24. Bb3 c5 25. f4 Ng6 26. Bxf7+ Qxf7
27. Qxf7+ Kxf7 28. Nd6+ Ke6 29. Nxb7 Kd5 30. Kf2 c4 31. Ke2 Nf8 32. b3 Ne6 33.
Na5 cxb3 34. axb3 Ke4 35. Nb7 h6 36. g4 g6 37. b4 Kd5 38. Nc5 Nc7 39. Kd3 a5
40. e4+ Kc6 41. Kc4 axb4 42. Kxb4 Nb5 43. Nd3 Nd6 44. Nf2 Nb5 45. Kc4 Nc7 46.
Nd3 Kd6 47. Nc5 Ne8 48. e5+ Kc6 49. Ne6 g5 50. fxg5 hxg5 51. Nxg5 Ng7 52. h4
Kd7 53. h5 Ke7 54. h6 Ke8 1-0

[Event "CAN-ch U20 U1800"]
[Site "Toronto CAN"]
[Date "2023.07.07"]
[Round "4.14"]
[White "Chunchu, Ashwin"]
[Black "Cheng, Adrien"]
[Result "0-1"]
[WhiteElo "1381"]
[BlackElo "1551"]
[PlyCount "53"]
[EventDate "2023.07.06"]
[EventType "swiss"]
[EventRounds "8"]
[EventCountry "CAN"]

1. e4 e5 2. Nc3 Nc6 3. Bc4 Nf6 4. d3 d6 5. f4 Na5 6. Nf3 Nxc4 7. dxc4 exf4 8.
Bxf4 Be6 9. Qd3 Be7 10. Nd4 Nd7 11. Nd5 Bf6 12. c3 O-O 13. O-O-O Nc5 14. Qc2
Bxd5 15. cxd5 Re8 16. Rde1 Bg5 17. g3 Rc8 18. h4 Bf6 19. Nf5 Be5 20. h5 c6 21.
Qd1 Qf6 22. Bxe5 Rxe5 23. Qg4 Rce8 24. Qf3 cxd5 25. Rhf1 dxe4 26. Nh6+ Qxh6+
27. Qf4 0-1

[Event "CAN-ch U20 U1800"]
[Site "Toronto CAN"]
[Date "2023.07.07"]
[Round "4.15"]
[White "Patil, Tanishq"]
[Black "Lin, Austin"]
[Result "1-0"]
[WhiteElo "1523"]
[BlackElo "1401"]
[PlyCount "111"]
[EventDate "2023.07.06"]
[EventType "swiss"]
[EventRounds "8"]
[EventCountry "CAN"]

1. d4 Nf6 2. Bf4 e6 3. e3 d5 4. Nf3 c5 5. c3 Nc6 6. Nbd2 Be7 7. Bd3 O-O 8. O-O
a6 9. Ne5 Bd7 10. Ndf3 Rc8 11. Rc1 h6 12. a3 Be8 13. Re1 Qb6 14. Nxc6 Bxc6 15.
Rb1 Rfd8 16. b4 c4 17. Bc2 Bd6 18. Bxd6 Rxd6 19. a4 Qc7 20. Nd2 Rdd8 21. e4 Re8
22. e5 Nh7 23. a5 Nf8 24. Qg4 Qe7 25. f4 f5 26. exf6 Qxf6 27. Re3 Bd7 28. Rg3
Nh7 29. Nf3 e5 30. Qxd7 Rcd8 31. fxe5 Rxd7 32. Bxh7+ Kxh7 33. exf6 gxf6 34. Re1
Rf8 35. Nh4 f5 36. Rf3 f4 37. Ref1 Re7 38. Rxf4 Rxf4 39. Rxf4 Re3 40. Rf3 Re7
41. Nf5 Re6 42. Kf2 Kg6 43. Ne3 Rf6 44. Kf1 h5 45. Rf5 Re6 46. Kf2 Rxe3 47.
Kxe3 Kxf5 48. Kf3 Kg5 49. h3 Kh4 50. Kf4 b5 51. axb6 a5 52. b7 a4 53. b8=Q a3
54. Qe8 a2 55. Qe5 a1=Q 56. Qg5# 1-0

[Event "CAN-ch U20 U1800"]
[Site "Toronto CAN"]
[Date "2023.07.07"]
[Round "4.16"]
[White "Tenkov, Arkadii"]
[Black "Fu, Odyssey"]
[Result "1-0"]
[WhiteElo "1697"]
[BlackElo "1395"]
[PlyCount "113"]
[EventDate "2023.07.06"]
[EventType "swiss"]
[EventRounds "8"]
[EventCountry "CAN"]

1. e4 c5 2. Nc3 Nc6 3. g3 g6 4. Bg2 Bg7 5. d3 e6 6. Be3 Nge7 7. Nge2 d5 8. exd5
exd5 9. Bxc5 Qa5 10. Bxe7 Nxe7 11. O-O O-O 12. Qe1 Qc5 13. d4 Qd6 14. Nd1 Nc6
15. c3 Re8 16. Ne3 Bh6 17. Nxd5 Bg4 18. f3 Qxd5 19. fxg4 Qb5 20. Bf3 Qxb2 21.
Rb1 Qxa2 22. Rxb7 Na5 23. Rxf7 Qxf7 24. Bxa8 Qc4 25. Bf3 Nb3 26. g5 Bxg5 27.
Qb1 Nd2 28. Qb7 Nxf3+ 29. Qxf3 Qxe2 30. Qd5+ Qe6 31. Qxg5 Qe3+ 32. Qxe3 Rxe3
33. Rc1 Re2 34. c4 Kf8 35. c5 Ke8 36. d5 Kd8 37. d6 Rd2 38. Kf1 Rxh2 39. Rc3
Rd2 40. Ke1 Rd5 41. Ke2 Kd7 42. c6+ Kc8 43. d7+ Kc7 44. Ke3 Rf5 45. g4 Rf8 46.
Ke4 h5 47. Ke5 hxg4 48. Ke6 g3 49. Rxg3 Rf1 50. Rd3 Re1+ 51. Kf7 Rf1+ 52. Kg7
Kd8 53. c7+ Kxc7 54. d8=Q+ Kc6 55. Qd7+ Kc5 56. Qd6+ Kc4 57. Qd5+ 1-0

[Event "CAN-ch U20 U1800"]
[Site "Toronto CAN"]
[Date "2023.07.07"]
[Round "4.17"]
[White "Wu, Ting En Ryan"]
[Black "Xie, Irene"]
[Result "0-1"]
[WhiteElo "1535"]
[BlackElo "1782"]
[PlyCount "98"]
[EventDate "2023.07.06"]
[EventType "swiss"]
[EventRounds "8"]
[EventCountry "CAN"]

1. Nf3 d5 2. d4 e6 3. Bf4 Bd6 4. Bxd6 Qxd6 5. c3 Nf6 6. Nbd2 b6 7. e3 Bb7 8.
Bd3 Nbd7 9. O-O O-O 10. Re1 Ne4 11. Bc2 f5 12. h3 h6 13. a4 g5 14. Bxe4 dxe4
15. Nh2 Kg7 16. a5 a6 17. b4 Rh8 18. g4 Nf6 19. Nc4 Qd8 20. Ne5 h5 21. c4 hxg4
22. hxg4 Qg8 23. Qd2 Qh7 24. f3 exf3 25. e4 Nxe4 26. Rxe4 f2+ 27. Kf1 Qh3+ 28.
Ke2 f1=Q+ 29. Nxf1 Qg2+ 30. Kd1 Qxd2+ 31. Kxd2 Bxe4 32. Ng3 Rh3 33. Nh5+ Kg8
34. axb6 cxb6 35. Nf6+ Kg7 36. Nh5+ Kh8 37. Nf7+ Kg8 38. Nxg5 Rd3+ 39. Ke2 Rb3
40. Nf6+ Kg7 41. Nfxe4 fxe4 42. Nxe6+ Kf6 43. Nc7 Rh8 44. Nd5+ Kg5 45. Kd2 Rh2+
46. Kc1 Rg3 47. Nc3 Rxc3+ 48. Kd1 Rg3 49. Ra5+ bxa5 0-1

[Event "CAN-ch U20 U1800"]
[Site "Toronto CAN"]
[Date "2023.07.07"]
[Round "4.18"]
[White "Chen, Vincent"]
[Black "Ossine, Nicholas"]
[Result "0-1"]
[WhiteElo "1571"]
[BlackElo "1744"]
[PlyCount "54"]
[EventDate "2023.07.06"]
[EventType "swiss"]
[EventRounds "8"]
[EventCountry "CAN"]

1. f4 d5 2. Nf3 c5 3. g3 Nc6 4. Bg2 g6 5. O-O Bg7 6. d3 Nf6 7. Nc3 d4 8. Na4
Qd6 9. e4 Nd7 10. e5 Qc7 11. e6 fxe6 12. Ng5 b5 13. Nxe6 Qd6 14. f5 Be5 15. Qf3
Bb7 16. Qg4 Nf6 17. Qg5 bxa4 18. Bh3 Bc8 19. Bg2 Bd7 20. Ng7+ Kf7 21. fxg6+
hxg6 22. Be4 Rag8 23. Qxg6+ Kf8 24. Bh6 Rxh6 25. Qxh6 Rxg7 26. Bg6 Be6 27. Rf5
Bxf5 0-1

[Event "CAN-ch U20 U1800"]
[Site "Toronto CAN"]
[Date "2023.07.07"]
[Round "4.19"]
[White "Chen, Shuang"]
[Black "Pollitt, Henry"]
[Result "0-1"]
[WhiteElo "1640"]
[BlackElo "1392"]
[PlyCount "96"]
[EventDate "2023.07.06"]
[EventType "swiss"]
[EventRounds "8"]
[EventCountry "CAN"]

1. e4 e6 2. d4 d5 3. exd5 exd5 4. Nf3 Nf6 5. Bd3 Bd6 6. O-O O-O 7. c3 h6 8. h3
Re8 9. Qc2 Be6 10. Nbd2 Nbd7 11. b3 c5 12. Bb2 Rc8 13. c4 dxc4 14. Nxc4 cxd4
15. Nxd4 Bxc4 16. bxc4 Ne5 17. Be2 a6 18. Qb3 Bc5 19. Nf5 Qd7 20. Nh4 Ne4 21.
Bxe5 Rxe5 22. Bg4 f5 23. Rad1 Qf7 24. Nxf5 Rxf5 25. Bxf5 Qxf5 26. Qc2 Bxf2+ 27.
Rxf2 Qxf2+ 28. Qxf2 Nxf2 29. Kxf2 Rxc4 30. Rd8+ Kh7 31. Rd2 Ra4 32. Ke3 Rb4 33.
Kd3 b5 34. Kc3 Ra4 35. Kb3 Kg6 36. Rd5 Kf6 37. Rc5 Ke6 38. Rh5 Re4 39. Rc5 Kd6
40. Rf5 Re2 41. g4 Re3+ 42. Kb4 Rxh3 43. Rf7 Rh2 44. a3 Rh4 45. Rxg7 Kc6 46.
Rg6+ Kb7 47. Ka5 h5 48. gxh5 Ra4# 0-1

[Event "CAN-ch U20 U1800"]
[Site "Toronto CAN"]
[Date "2023.07.07"]
[Round "4.20"]
[White "Guliyev, Nadir"]
[Black "Bi, William"]
[Result "1-0"]
[WhiteElo "1559"]
[BlackElo "1526"]
[PlyCount "71"]
[EventDate "2023.07.06"]
[EventType "swiss"]
[EventRounds "8"]
[EventCountry "CAN"]

1. d4 d5 2. c4 e6 3. Nc3 Nf6 4. cxd5 exd5 5. Bg5 Nbd7 6. e3 c6 7. Bd3 Bd6 8.
Nge2 h6 9. Bh4 O-O 10. f3 Qb6 11. Qc2 c5 12. Bf2 Nb8 13. Qd2 a6 14. O-O Qc7 15.
Rae1 c4 16. Bb1 Bxh2+ 17. Kh1 Bd6 18. e4 dxe4 19. fxe4 Ng4 20. e5 Nxf2+ 21.
Rxf2 Bb4 22. Qc2 g6 23. Nd5 Qa5 24. Rf6 Bf5 25. Rxf5 Qxd5 26. Rf6 Qd7 27. Nf4
Nc6 28. Rd1 Ne7 29. Qf2 Qg4 30. Rf1 Rac8 31. a3 Ba5 32. Ne2 g5 33. Ng3 Nd5 34.
Nf5 Qh5+ 35. Kg1 Nxf6 36. Ne7+ 1-0

[Event "CAN-ch U20 U1800"]
[Site "Toronto CAN"]
[Date "2023.07.08"]
[Round "5.12"]
[White "Tseng, Bradley"]
[Black "De Costa, Benjamin"]
[Result "1/2-1/2"]
[WhiteElo "1712"]
[BlackElo "1492"]
[PlyCount "48"]
[EventDate "2023.07.06"]
[EventType "swiss"]
[EventRounds "8"]
[EventCountry "CAN"]

1. e4 c6 2. Nf3 d5 3. Nc3 Bg4 4. exd5 cxd5 5. h3 Bh5 6. g4 Bg6 7. Ne5 Nc6 8. d4
a6 9. h4 Nxe5 10. dxe5 d4 11. Ne2 Qa5+ 12. Qd2 Qxe5 13. Qxd4 Qxd4 14. Nxd4 e5
15. Nf5 O-O-O 16. Ne3 Bc5 17. Bg2 f6 18. Bd2 Ne7 19. O-O-O Bf7 20. Kb1 Rd7 21.
Bc1 Rhd8 22. Rxd7 Rxd7 23. Be4 Bg6 24. Bg2 Bf7 1/2-1/2

[Event "CAN-ch U20 U1800"]
[Site "Toronto CAN"]
[Date "2023.07.08"]
[Round "5.13"]
[White "Cheng, Adrien"]
[Black "Deepak, Laksshana"]
[Result "1/2-1/2"]
[WhiteElo "1551"]
[BlackElo "1665"]
[PlyCount "62"]
[EventDate "2023.07.06"]
[EventType "swiss"]
[EventRounds "8"]
[EventCountry "CAN"]

1. a3 Nf6 2. Nc3 d5 3. d4 g6 4. Nf3 Bg7 5. Bf4 c6 6. e3 O-O 7. h4 h5 8. Ne5
Nbd7 9. Be2 Nxe5 10. Bxe5 Ng4 11. Bxg7 Kxg7 12. Bxg4 hxg4 13. Qd2 Rh8 14. O-O-O
b5 15. e4 a5 16. exd5 b4 17. Nb1 Qxd5 18. axb4 axb4 19. Qxb4 Rxh4 20. Qxe7 Rxh1
21. Rxh1 Qxd4 22. g3 Ra5 23. Qe8 Rh5 24. Rd1 Qxf2 25. Qxc8 Rc5 26. Nc3 Ra5 27.
Qxg4 Ra1+ 28. Nb1 Qe3+ 29. Rd2 Rxb1+ 30. Kxb1 Qxd2 31. c3 Qd3+ 1/2-1/2

[Event "CAN-ch U20 U1800"]
[Site "Toronto CAN"]
[Date "2023.07.08"]
[Round "5.14"]
[White "Xie, Irene"]
[Black "Patil, Tanishq"]
[Result "0-1"]
[WhiteElo "1782"]
[BlackElo "1523"]
[PlyCount "130"]
[EventDate "2023.07.06"]
[EventType "swiss"]
[EventRounds "8"]
[EventCountry "CAN"]

1. e4 c5 2. Nf3 d6 3. Bb5+ Bd7 4. Bxd7+ Nxd7 5. c4 Ngf6 6. Nc3 e6 7. b3 Be7 8.
Bb2 O-O 9. O-O a6 10. d4 Qc7 11. Re1 cxd4 12. Nxd4 Ne5 13. f4 Nc6 14. Nf3 Rfd8
15. Qe2 h6 16. Rad1 Rd7 17. Rd2 Rad8 18. Red1 Qb6+ 19. Kh1 Ng4 20. h3 Nf2+ 21.
Qxf2 Qc7 22. g4 Nb4 23. a3 Nc6 24. h4 Na5 25. Rc2 Nxb3 26. g5 h5 27. Qe2 g6 28.
Nb1 Nc5 29. Qe3 Qc6 30. Nbd2 Bf8 31. Qd4 e5 32. fxe5 Ne6 33. Qd5 Qa4 34. Qd3
dxe5 35. Qc3 Nd4 36. Nxd4 Rxd4 37. Rdc1 Bg7 38. Qe3 Rd3 39. Qf2 Qd7 40. Nf3
Qh3+ 41. Nh2 Rd1+ 42. Qg1 Rxg1+ 43. Rxg1 Qb3 44. Re2 Qxc4 45. Rge1 Qb5 46. Kg2
Bf8 47. Nf3 Bg7 48. Rc2 Qb3 49. Ree2 Rd3 50. Rf2 Qa4 51. Rfe2 Qb3 52. Rf2 Rxf3
53. Rc8+ Bf8 54. Rxf3 Qxb2+ 55. Kg3 Qe2 56. Rc7 Qxe4 57. Rfxf7 Qg4+ 58. Kf2
Qxh4+ 59. Ke2 Qxg5 60. a4 Qg4+ 61. Kd3 e4+ 62. Kc2 Qe2+ 63. Kb1 Qd3+ 64. Ka2
Qd5+ 65. Kb1 Qxf7 0-1

[Event "CAN-ch U20 U1800"]
[Site "Toronto CAN"]
[Date "2023.07.08"]
[Round "5.15"]
[White "Huang, Ivan"]
[Black "Tenkov, Arkadii"]
[Result "1/2-1/2"]
[WhiteElo "1580"]
[BlackElo "1697"]
[PlyCount "49"]
[EventDate "2023.07.06"]
[EventType "swiss"]
[EventRounds "8"]
[EventCountry "CAN"]

1. c4 Nf6 2. Nf3 e6 3. d4 b6 4. g3 Bb7 5. Bg2 Be7 6. Nbd2 O-O 7. O-O c5 8. e3
cxd4 9. Nxd4 Bxg2 10. Kxg2 d5 11. cxd5 Qxd5+ 12. Qf3 Bc5 13. Qxd5 Nxd5 14. N2b3
Be7 15. e4 Nf6 16. f3 Rc8 17. Be3 Nc6 18. Nxc6 Rxc6 19. Rac1 Rac8 20. Rxc6 Rxc6
21. Nd4 Rc8 22. Rc1 Rxc1 23. Bxc1 Bc5 24. Nb3 Bd6 25. Nd4 1/2-1/2

[Event "CAN-ch U20 U1800"]
[Site "Toronto CAN"]
[Date "2023.07.08"]
[Round "5.16"]
[White "Ossine, Nicholas"]
[Black "Chunchu, Ashwin"]
[Result "1/2-1/2"]
[WhiteElo "1744"]
[BlackElo "1381"]
[PlyCount "53"]
[EventDate "2023.07.06"]
[EventType "swiss"]
[EventRounds "8"]
[EventCountry "CAN"]

1. d4 g6 2. c4 Bg7 3. Nc3 d6 4. e4 Nf6 5. h3 O-O 6. Bg5 h6 7. Be3 e5 8. d5 Nbd7
9. Bd3 Ne8 10. Qd2 Kh7 11. g4 Nc5 12. Bc2 a5 13. Nge2 b6 14. O-O-O Ba6 15. Nb5
Bxb5 16. cxb5 a4 17. Rdg1 Qd7 18. Nc3 Ra5 19. f3 Rh8 20. h4 Qe7 21. Qd1 Qd7 22.
Bd2 Ra8 23. Be3 Ra5 24. h5 g5 25. Qe2 Bf6 26. Bxc5 dxc5 27. Bxa4 1/2-1/2

[Event "CAN-ch U20 U1800"]
[Site "Toronto CAN"]
[Date "2023.07.08"]
[Round "5.17"]
[White "Lin, Austin"]
[Black "Guliyev, Nadir"]
[Result "1-0"]
[WhiteElo "1401"]
[BlackElo "1559"]
[PlyCount "61"]
[EventDate "2023.07.06"]
[EventType "swiss"]
[EventRounds "8"]
[EventCountry "CAN"]

1. e4 c6 2. d4 d5 3. e5 Bf5 4. Ne2 e6 5. Ng3 Bg6 6. h4 h6 7. h5 Bh7 8. Bd3 Bxd3
9. cxd3 Qb6 10. Be3 Qxb2 11. Nd2 Bb4 12. O-O Bxd2 13. Rb1 Qxa2 14. Bxd2 b6 15.
Bc3 Qa6 16. f4 Ne7 17. Bb4 Nd7 18. Bxe7 Kxe7 19. f5 Rae8 20. fxe6 fxe6 21. Ra1
Qb7 22. Qg4 Rhg8 23. Qh4+ Nf6 24. exf6+ gxf6 25. Qxf6+ Kd7 26. Qf7+ Kc8 27.
Rxa7 Qxf7 28. Rfxf7 Kb8 29. Rab7+ Kc8 30. Rbc7+ Kd8 31. Rfd7# 1-0

[Event "CAN-ch U20 U1800"]
[Site "Toronto CAN"]
[Date "2023.07.08"]
[Round "5.18"]
[White "Pollitt, Henry"]
[Black "Fu, Odyssey"]
[Result "0-1"]
[WhiteElo "1392"]
[BlackElo "1395"]
[PlyCount "88"]
[EventDate "2023.07.06"]
[EventType "swiss"]
[EventRounds "8"]
[EventCountry "CAN"]

1. e4 c5 2. c3 Nf6 3. e5 Nd5 4. Nf3 Nc6 5. Be2 d6 6. exd6 Qxd6 7. d4 cxd4 8.
Nxd4 e6 9. O-O a6 10. Nxc6 Qxc6 11. Bf3 b5 12. Bxd5 exd5 13. Qd4 Be6 14. Re1
Bc5 15. Qxg7 O-O-O 16. Bf4 d4 17. Qh6 Rhg8 18. Bg3 Rg6 19. Qf4 Bd6 20. Qe4 Bd5
21. Qf5+ Re6 22. Nd2 Bxg3 23. hxg3 dxc3 24. Nf3 Bxf3 25. gxf3 cxb2 26. Rab1 Rd7
27. Qf4 Qc2 28. Rec1 bxc1=Q+ 29. Rxc1 Rd1+ 30. Rxd1 Qxd1+ 31. Kg2 Qd7 32. Qh4
f5 33. Qh5 Rg6 34. Qh4 a5 35. Qf4 Kb7 36. Qe5 Rh6 37. Qf4 Qe6 38. Qd4 f4 39. g4
Qd6 40. Qe4+ Kb6 41. Qf5 a4 42. g5 Rg6 43. Qh3 Rxg5+ 44. Kh2 Qg6 0-1